[Event "CYCC U10"]
[Site "Victoria CAN"]
[Date "2009.07.22"]
[Round "4"]
[White "Song, Michael"]
[Black "Lee, Jonah"]
[Result "1-0"]
[WhiteElo "1614"]
[BlackElo "1484"]
[PlyCount "87"]
[GameId "2160767910093669"]
[EventDate "2009.07.21"]
[EventType "swiss"]
[EventRounds "7"]
[EventCountry "CAN"]
[SourceTitle "hb 2009.10"]

1. e4 e6 2. d4 d5 3. Nd2 Nf6 4. e5 Nfd7 5. Ngf3 c5 6. c3 Nc6 7. Bd3 Qb6 8. dxc5 Bxc5 9. Qe2 Qc7 10. Nb3 Bb6 11. Bb5 a6 12. Bxc6 bxc6 13. Bg5 a5 14. Nbd4 h6 15. Bh4 Bb7 16. O-O-O Ba6 17. Qe1 c5 18. Nc2 c4 19. Bg3 Nc5 20. Qd2 Nd3+ 21. Kb1 Rb8 22. Nce1 Nc5 23. Ka1 a4 24. Nc2 Ba7 25. Nb4 Bb5 26. Nd4 Rb7 27. f4 Kd7 28. Rhf1 Ne4 29. Qe2 Bxd4 30. Rxd4 Qc5 31. Bf2 Nxf2 32. Qxf2 Ke7 33. g4 Ke8 34. Rd2 Qxf2 35. Rdxf2 Ke7 36. Rd2 Rhb8 37. f5 Rf8 38. f6+ gxf6 39. Rxf6 Rh8 40. Rdf2 Be8 41. Kb1 Rg8 42. h3 Rg6 43. Kc2 Kf8 44. Rxg6 1-0

[Event "CYCC U10"]
[Site "Victoria CAN"]
[Date "2009.07.23"]
[Round "5"]
[White "Awatramani, Janak"]
[Black "Song, Michael"]
[Result "1/2-1/2"]
[WhiteElo "1761"]
[BlackElo "1614"]
[PlyCount "58"]
[GameId "2160767910093670"]
[EventDate "2009.07.21"]
[EventType "swiss"]
[EventRounds "7"]
[EventCountry "CAN"]
[SourceTitle "hb 2009.10"]

1. g3 e5 2. Bg2 f5 3. Nc3 Nf6 4. d3 d5 5. Bg5 c6 6. Bxf6 Qxf6 7. e4 fxe4 8. dxe4 d4 9. Nce2 Bb4+ 10. c3 dxc3 11. Nxc3 Bxc3+ 12. bxc3 O-O 13. f3 Be6 14. Ne2 Rd8 15. Qc2 Bc4 16. O-O Kh8 17. Rfd1 Na6 18. Nc1 Rxd1+ 19. Qxd1 Rd8 20. Qc2 Qd6 21. Nb3 b6 22. Bf1 Bxf1 23. Kxf1 Qd3+ 24. Qe2 Kg8 25. Rc1 c5 26. Qxd3 Rxd3 27. Ke2 Rd6 28. Nd2 Rh6 29. h4 b5 1/2-1/2

[Event "CYCC U10"]
[Site "Victoria CAN"]
[Date "2009.07.23"]
[Round "5"]
[White "Huang, James"]
[Black "Han, Lionel"]
[Result "0-1"]
[WhiteElo "758"]
[BlackElo "1124"]
[PlyCount "54"]
[GameId "2160767910093672"]
[EventDate "2009.07.21"]
[EventType "swiss"]
[EventRounds "7"]
[EventCountry "CAN"]
[SourceTitle "hb 2009.10"]

1. e4 e5 2. Nf3 Nc6 3. Nc3 Bc5 4. Nxe5 Bxf2+ 5. Kxf2 Nxe5 6. Kg1 Nf6 7. d3 h6 8. Be3 d5 9. d4 Ng6 10. e5 Nd7 11. Nxd5 c5 12. e6 fxe6 13. Nc3 O-O 14. dxc5 Qe7 15. Na4 Nf6 16. c6 b6 17. c4 Ba6 18. c5 Bxf1 19. Qxf1 Nd5 20. Bd4 Rxf1+ 21. Rxf1 Qh4 22. Bf2 Qxa4 23. cxb6 axb6 24. c7 Ndf4 25. Re1 Qc2 26. b3 Nd3 27. Ra1 Qxf2# 0-1

[Event "CYCC U10"]
[Site "Victoria CAN"]
[Date "2009.07.23"]
[Round "5"]
[White "Kong, Dezheng"]
[Black "Graif, William"]
[Result "1-0"]
[WhiteElo "1957"]
[BlackElo "1635"]
[PlyCount "80"]
[GameId "2160767910093673"]
[EventDate "2009.07.21"]
[EventType "swiss"]
[EventRounds "7"]
[EventCountry "CAN"]
[SourceTitle "hb 2009.10"]

1. c4 e5 2. Nc3 Nf6 3. g3 d5 4. cxd5 Nxd5 5. Bg2 Be6 6. Nf3 Nc6 7. O-O Be7 8. d3 O-O 9. a3 f5 10. Bd2 a5 11. Rc1 h6 12. Re1 Nb6 13. Na4 e4 14. Nh4 Nxa4 15. Qxa4 Bxh4 16. gxh4 Qxh4 17. Be3 Ne5 18. h3 g5 19. Rxc7 g4 20. Qd4 Qf6 21. Rc5 Nd7 22. Qxf6 Rxf6 23. Rc7 gxh3 24. Bxh3 exd3 25. exd3 Rg6+ 26. Kf1 Ne5 27. Ke2 Rd8 28. Rd1 Bb3 29. Rd2 Bd5 30. f4 Nf3 31. Rdc2 Re8 32. Kf2 Nh4 33. Rc8 Rxc8 34. Rxc8+ Kf7 35. Bf1 Rc6 36. Rxc6 Bxc6 37. d4 Ke6 38. Bc4+ Kd6 39. Bf7 a4 40. Bh5 Kc7 1-0

[Event "CYCC U10"]
[Site "Victoria CAN"]
[Date "2009.07.23"]
[Round "5"]
[White "Lee, Jonah"]
[Black "Hoffner, Noah"]
[Result "1-0"]
[WhiteElo "1484"]
[BlackElo "1156"]
[PlyCount "86"]
[GameId "2160767910093674"]
[EventDate "2009.07.21"]
[EventType "swiss"]
[EventRounds "7"]
[EventCountry "CAN"]
[SourceTitle "hb 2009.10"]

1. c4 c5 2. g3 Nc6 3. Bg2 Nf6 4. Nc3 d6 5. e3 Nb4 6. d3 Nc6 7. Nge2 e5 8. O-O Be7 9. Rb1 O-O 10. a3 a5 11. e4 h6 12. f4 Bd7 13. f5 Na7 14. a4 Nc6 15. h3 Nb4 16. b3 Qc8 17. g4 Nh7 18. Be3 Ng5 19. Qd2 b6 20. Na2 Nxa2 21. Qxa2 Nh7 22. Qd2 Bg5 23. Bxg5 Nxg5 24. h4 Nh7 25. Kf2 Qd8 26. Rh1 Nf6 27. Bf3 Nh7 28. Rbg1 f6 29. Rg2 Kf7 30. Ng1 Rh8 31. Nh3 Ke7 32. Qc1 Bc6 33. g5 fxg5 34. hxg5 hxg5 35. Nxg5 Nxg5 36. Qxg5+ Kd7 37. Qxg7+ Qe7 38. Rxh8 Rxh8 39. Qxh8 Qd8 40. Qh7+ Qe7 41. Rg7 Qxg7 42. Qxg7+ Kc8 43. f6 Be8 1-0

[Event "CYCC U10"]
[Site "Victoria CAN"]
[Date "2009.07.23"]
[Round "5"]
[White "Qian, Andy"]
[Black "Lamothe, Zachari"]
[Result "1-0"]
[WhiteElo "972"]
[BlackElo "840"]
[PlyCount "93"]
[GameId "2160767910093675"]
[EventDate "2009.07.21"]
[EventType "swiss"]
[EventRounds "7"]
[EventCountry "CAN"]
[SourceTitle "EXT 2011"]
[Source "ChessBase"]
[SourceDate "2011.11.26"]
[SourceVersion "1"]
[SourceVersionDate "2011.11.26"]
[SourceQuality "1"]

1. d4 Nc6 2. c4 e5 3. d5 Na5 4. e4 Nxc4 5. Bxc4 Bb4+ 6. Bd2 Bxd2+ 7. Nxd2 Nf6 8. Ngf3 O-O 9. Nxe5 d6 10. Nef3 Bg4 11. Qe2 Bxf3 12. Qxf3 Qe8 13. O-O c6 14. Rfe1 b5 15. Bb3 cxd5 16. exd5 Qb8 17. Ne4 Qb7 18. Nxf6+ gxf6 19. Qxf6 Rfe8 20. Rxe8+ Rxe8 21. Qxd6 Rc8 22. Qh6 Qc7 23. a3 a5 24. d6 Qd8 25. Rd1 a4 26. Bxf7+ Kxf7 27. Qxh7+ Kf6 28. Qh4+ Ke6 29. Qxd8 Rxd8 30. d7 Rxd7 31. Rxd7 Kxd7 32. Kf1 Kc6 33. Ke2 Kc5 34. Kd3 b4 35. h4 bxa3 36. bxa3 Kd6 37. g4 Ke6 38. Kd4 Kf6 39. f4 Kg6 40. Ke5 Kh6 41. Kf6 Kh7 42. g5 Kh8 43. g6 Kg8 44. g7 Kh7 45. Kf7 Kh6 46. g8=Q Kh5 47. Qg5# 1-0

[Event "CYCC U10"]
[Site "Victoria CAN"]
[Date "2009.07.23"]
[Round "5"]
[White "Rainsberry, Christopher"]
[Black "Napieralski, Owen"]
[Result "1-0"]
[WhiteElo "556"]
[BlackElo "802"]
[PlyCount "57"]
[GameId "2160767910093676"]
[EventDate "2009.07.21"]
[EventType "swiss"]
[EventRounds "7"]
[EventCountry "CAN"]
[SourceTitle "hb 2009.10"]

1. e4 e5 2. Nf3 Nc6 3. Bc4 Nf6 4. Nc3 Bc5 5. O-O Bb4 6. a3 Bxc3 7. dxc3 Nxe4 8. h4 Qe7 9. Ng5 Nxg5 10. Bxg5 f6 11. Re1 fxg5 12. hxg5 Qxg5 13. Qd5 Qe7 14. b4 d6 15. b5 Be6 16. Qd3 Bxc4 17. Qxc4 Na5 18. Qb4 b6 19. Rad1 O-O-O 20. Qg4+ Kb8 21. f4 Nc4 22. Qe2 Rhe8 23. Qxc4 g5 24. fxe5 dxe5 25. Rxd8+ Qxd8 26. Qc6 Re7 27. Qf3 Qd2 28. Rd1 Qxc2 29. Rd8# 1-0

[Event "CYCC U10"]
[Site "Victoria CAN"]
[Date "2009.07.23"]
[Round "5"]
[White "Sirkovich, Daniel"]
[Black "Cao, Jason"]
[Result "0-1"]
[WhiteElo "1292"]
[BlackElo "1032"]
[PlyCount "90"]
[GameId "2160767910093677"]
[EventDate "2009.07.21"]
[EventType "swiss"]
[EventRounds "7"]
[EventCountry "CAN"]
[SourceTitle "EXT 2011"]
[Source "ChessBase"]
[SourceDate "2011.11.26"]
[SourceVersion "1"]
[SourceVersionDate "2011.11.26"]
[SourceQuality "1"]

1. e4 e6 2. d4 d5 3. e5 c5 4. c3 Nc6 5. Nf3 Qb6 6. Nbd2 cxd4 7. Nb3 dxc3 8. bxc3 Qc7 9. Bb5 Bd7 10. Bxc6 Bxc6 11. Nbd4 Bc5 12. Be3 Ne7 13. Nxe6 fxe6 14. Bxc5 b6 15. Bd6 Qd7 16. Ng5 h6 17. Nh3 Nf5 18. Qh5+ Qf7 19. Qxf7+ Kxf7 20. Nf4 Nxd6 21. exd6 Rhd8 22. O-O-O Rxd6 23. c4 Rad8 24. cxd5 Bxd5 25. Nxd5 Rxd5 26. Rxd5 Rxd5 27. Rd1 Rxd1+ 28. Kxd1 Kf6 29. Ke2 Ke5 30. Ke3 g5 31. g3 g4 32. Kd3 Kd5 33. Ke3 e5 34. Kd3 e4+ 35. Kd2 Kd4 36. Ke2 b5 37. Kd2 a5 38. Kc2 Kc4 39. Kd2 b4 40. Kc2 a4 41. Kb1 Kc3 42. Kc1 b3 43. a3 b2+ 44. Kb1 Kb3 45. h4 gxh3 0-1

[Event "CYCC U10"]
[Site "Victoria CAN"]
[Date "2009.07.23"]
[Round "5"]
[White "Whitecrow, Brandon"]
[Black "Doknjas, John"]
[Result "0-1"]
[WhiteElo "768"]
[BlackElo "1796"]
[PlyCount "20"]
[GameId "2160767910093678"]
[EventDate "2009.07.21"]
[EventType "swiss"]
[EventRounds "7"]
[EventCountry "CAN"]
[SourceTitle "hb 2009.10"]

1. e4 e6 2. c4 c5 3. Nf3 Nc6 4. a4 Nb4 5. d4 Qa5 6. Bd2 Nf6 7. dxc5 Nxe4 8. Bxb4 Qxb4+ 9. Ke2 Qxb2+ 10. Ke1 Qxf2# 0-1

[Event "CYCC U10"]
[Site "Victoria CAN"]
[Date "2009.07.23"]
[Round "6"]
[White "Awatramani, Janak"]
[Black "Kong, Dezheng"]
[Result "0-1"]
[WhiteElo "1761"]
[BlackElo "1957"]
[PlyCount "56"]
[GameId "2160767910093679"]
[EventDate "2009.07.21"]
[EventType "swiss"]
[EventRounds "7"]
[EventCountry "CAN"]
[SourceTitle "hb 2009.10"]

1. g3 d5 2. Bg2 e5 3. d3 c5 4. Nc3 Nf6 5. e4 d4 6. Nce2 Nc6 7. h3 Be7 8. f4 exf4 9. Bxf4 Be6 10. Nf3 h6 11. Bd2 Qc7 12. O-O O-O 13. Nf4 Bd6 14. Nxe6 fxe6 15. g4 Ne5 16. Nxe5 Bxe5 17. c3 c4 18. Qe2 Qb6 19. dxc4 dxc3+ 20. Be3 Qxb2 21. Qxb2 cxb2 22. Rab1 Rfc8 23. c5 Nd7 24. Rfd1 Nxc5 25. Bd4 Bxd4+ 26. Rxd4 Na4 27. Bf3 Rc1+ 28. Rd1 Rxb1 0-1

[Event "CYCC U10"]
[Site "Victoria CAN"]
[Date "2009.07.23"]
[Round "6"]
[White "Doknjas, John"]
[Black "Cao, Jason"]
[Result "0-1"]
[WhiteElo "1796"]
[BlackElo "1032"]
[PlyCount "100"]
[GameId "2160767910093680"]
[EventDate "2009.07.21"]
[EventType "swiss"]
[EventRounds "7"]
[EventCountry "CAN"]
[SourceTitle "EXT 2011"]
[Source "ChessBase"]
[SourceDate "2011.11.26"]
[SourceVersion "1"]
[SourceVersionDate "2011.11.26"]
[SourceQuality "1"]

1. d4 Nf6 2. c4 g6 3. Nc3 d5 4. cxd5 Nxd5 5. e4 Nxc3 6. bxc3 Bg7 7. Be3 c5 8. Rb1 O-O 9. Nf3 Nc6 10. Bc4 Qa5 11. Qd2 Rd8 12. Rb5 Qa3 13. Rxc5 Qxc5 14. dxc5 Rxd2 15. Kxd2 Bg4 16. Kc2 Bxf3 17. gxf3 Ne5 18. Be2 Kf8 19. Rb1 Rb8 20. f4 Nc6 21. e5 Ke8 22. Rd1 Rd8 23. Rxd8+ Kxd8 24. Kb3 Kc7 25. h4 h5 26. Bd3 e6 27. Kc2 Bf8 28. Kd2 Be7 29. Ke2 Bxh4 30. Kf3 Be7 31. Kg3 a6 32. Kh3 Na7 33. Bc4 Nb5 34. Bxb5 axb5 35. Kg2 Kc6 36. Kf3 Bxc5 37. Bd2 Kd5 38. Ke2 Kc4 39. f3 b4 40. cxb4 Bxb4 41. Be3 Bc3 42. Bg1 Kb4 43. Kd3 Be1 44. Bh2 b5 45. Kc2 Ka3 46. Kb1 h4 47. Ka1 Bg3 48. Bg1 h3 49. Bc5+ b4 50. Bg1 h2 0-1

[Event "CYCC U10"]
[Site "Victoria CAN"]
[Date "2009.07.23"]
[Round "6"]
[White "Graif, William"]
[Black "Han, Lionel"]
[Result "1-0"]
[WhiteElo "1635"]
[BlackElo "1124"]
[PlyCount "51"]
[GameId "2160767910093681"]
[EventDate "2009.07.21"]
[EventType "swiss"]
[EventRounds "7"]
[EventCountry "CAN"]
[SourceTitle "hb 2009.10"]

1. e4 e5 2. Nf3 Nc6 3. d4 exd4 4. Nxd4 d6 5. Bb5 Bd7 6. O-O Nf6 7. Nc3 Be7 8. h3 a6 9. Bxc6 bxc6 10. Re1 O-O 11. e5 dxe5 12. Rxe5 Bd6 13. Re2 Nd5 14. Ne4 Re8 15. c4 Nf6 16. Bg5 Be7 17. Bxf6 Bxf6 18. Qd2 Qe7 19. Re3 Bxd4 20. Qxd4 Rad8 21. Qc5 Qxc5 22. Nxc5 Rxe3 23. fxe3 Be6 24. b3 a5 25. Nb7 a4 26. Nxd8 1-0

[Event "CYCC U10"]
[Site "Victoria CAN"]
[Date "2009.07.23"]
[Round "6"]
[White "Huang, James"]
[Black "Sirkovich, Daniel"]
[Result "0-1"]
[WhiteElo "758"]
[BlackElo "1292"]
[PlyCount "100"]
[GameId "2160767910093682"]
[EventDate "2009.07.21"]
[EventType "swiss"]
[EventRounds "7"]
[EventCountry "CAN"]
[SourceTitle "EXT 2011"]
[Source "ChessBase"]
[SourceDate "2011.11.26"]
[SourceVersion "1"]
[SourceVersionDate "2011.11.26"]
[SourceQuality "1"]

1. e4 c5 2. Nc3 d6 3. Nf3 Nf6 4. Be2 g6 5. O-O Bg7 6. a3 O-O 7. d3 Nc6 8. Be3 b6 9. Nd5 Nxd5 10. exd5 Nb8 11. c3 Bb7 12. c4 Bxb2 13. Rb1 Bg7 14. a4 Nd7 15. d4 cxd4 16. Bxd4 Bxd4 17. Nxd4 Nf6 18. a5 Ne4 19. Qd3 Nc5 20. Qc2 bxa5 21. Qc1 a6 22. Qh6 Ra7 23. Rb2 Qc8 24. Rfb1 Nd7 25. Bh5 Nf6 26. Be2 Qa8 27. f4 Kh8 28. f5 Rg8 29. Nf3 Rg7 30. Nd4 Rg8 31. Rb3 Bxd5 32. cxd5 Qxd5 33. Rd1 gxf5 34. g3 Rd7 35. Rf3 e6 36. Nxf5 Qe5 37. Ne7 Ng4 38. Qh4 Qxe2 39. Nxg8 Qxd1+ 40. Kg2 Qe2+ 41. Kh3 Qxf3 42. Qxg4 Qxg4+ 43. Kxg4 Kxg8 44. h4 a4 45. Kh5 a3 46. g4 a2 47. Kh6 a1=Q 48. g5 Qg7+ 49. Kh5 a5 50. g6 Qxg6# 0-1

[Event "CYCC U10"]
[Site "Victoria CAN"]
[Date "2009.07.23"]
[Round "6"]
[White "Lamothe, Zachari"]
[Black "Carradice, Lemuel"]
[Result "0-1"]
[WhiteElo "840"]
[BlackElo "961"]
[PlyCount "168"]
[GameId "2160767910093683"]
[EventDate "2009.07.21"]
[EventType "swiss"]
[EventRounds "7"]
[EventCountry "CAN"]
[SourceTitle "hb 2009.10"]

1. Nf3 d6 2. e3 Bg4 3. Bb5+ Bd7 4. Bxd7+ Nxd7 5. Nc3 Ngf6 6. d3 g6 7. e4 Ne5 8. Nxe5 dxe5 9. f3 Bg7 10. Nd5 Nxd5 11. exd5 Qxd5 12. O-O Qc5+ 13. d4 Qxd4+ 14. Qxd4 exd4 15. Rd1 h5 16. c3 e5 17. cxd4 exd4 18. Re1+ Kd8 19. Bg5+ f6 20. Bc1 Bh6 21. Rd1 Be3+ 22. Kf1 Bg5 23. Rxd4+ Ke7 24. f4 c5 25. Re4+ Kf7 26. fxg5 Rad8 27. Rf4 Rd7 28. gxf6 Rhd8 29. Be3 Rc7 30. Rc1 g5 31. Rf5 b6 32. Bxg5 Kg6 33. Rf4 Kxg5 34. Rf3 Rf8 35. Re1 Kg4 36. Re4+ Kg5 37. f7 Rcxf7 38. Ref4 Rd8 39. Rxf7 Rd1+ 40. Ke2 Rh1 41. Rg7+ Kh6 42. Rg8 a5 43. Rfg3 Kh7 44. R3g7+ Kh6 45. Rg3 Kh7 46. R3g5 Rxh2 47. R8g7+ Kh8 48. Ra7 Rh4 49. Rd5 Re4+ 50. Kf3 Rd4 51. Ke3 Rxd5 52. Ke4 Rd8 53. Kf4 Rd1 54. g4 h4 55. Kg5 h3 56. Kh6 Rd6+ 57. Kh5 h2 58. Ra8+ Kh7 59. Ra7+ Kg8 60. b4 h1=Q+ 61. Kg5 Qh6+ 62. Kf5 Qf8+ 63. Ke5 Qf6+ 64. Ke4 Rd4+ 65. Ke3 Rxb4 66. Ra8+ Kg7 67. a3 Rb3+ 68. Ke4 c4 69. Rd8 c3 70. Rd3 Qg6+ 71. Ke3 b5 72. Rd7+ Kf8 73. Kd4 c2 74. Rc7 Qd6+ 75. Ke4 Qxc7 76. Kf5 c1=N 77. g5 Qc8+ 78. Kf6 Nd3 79. g6 Nc5 80. g7+ Kg8 81. Kg6 Qg4+ 82. Kf6 Rf3+ 83. Ke7 Qe6+ 84. Kd8 Qd7# 0-1

[Event "CYCC U10"]
[Site "Victoria CAN"]
[Date "2009.07.23"]
[Round "6"]
[White "Qian, Andy"]
[Black "Lee, Jonah"]
[Result "0-1"]
[WhiteElo "972"]
[BlackElo "1484"]
[PlyCount "94"]
[GameId "2160767910093684"]
[EventDate "2009.07.21"]
[EventType "swiss"]
[EventRounds "7"]
[EventCountry "CAN"]
[SourceTitle "hb 2009.10"]

1. d4 d5 2. c4 e6 3. e3 Nf6 4. Nf3 Be7 5. Nbd2 O-O 6. Be2 b6 7. b3 Bb7 8. O-O Nbd7 9. Bb2 c5 10. Qc2 Rc8 11. a4 a5 12. Rfd1 dxc4 13. bxc4 Qc7 14. Rac1 Rfd8 15. h3 h6 16. Kh1 Bc6 17. Kg1 Nb8 18. Ba3 cxd4 19. Bxe7 d3 20. Bxd8 dxc2 21. Bxc7 cxd1=Q+ 22. Rxd1 Rxc7 23. Rb1 Nfd7 24. Ra1 Nc5 25. Bd1 f6 26. Nd4 e5 27. Nxc6 Nxc6 28. Nb3 Nxb3 29. Bxb3 Rd7 30. Rd1 Rxd1+ 31. Bxd1 Kf7 32. Bb3 Ke7 33. Kf1 Kd6 34. Ke2 Kc5 35. Kd3 Kb4 36. Kc2 Na7 37. Ba2 Nc8 38. Kd3 Nd6 39. f3 Nb7 40. Kc2 Nc5 41. Bb1 Kxc4 42. Ba2+ Kb4 43. Bd5 Nxa4 44. Bb3 Nc5 45. Bf7 a4 46. Bg8 b5 47. Bf7 Nb3 0-1

[Event "CYCC U10"]
[Site "Victoria CAN"]
[Date "2009.07.23"]
[Round "6"]
[White "Rainsberry, Christopher"]
[Black "Whitecrow, Brandon"]
[Result "1-0"]
[WhiteElo "556"]
[BlackElo "768"]
[PlyCount "97"]
[GameId "2160767910093685"]
[EventDate "2009.07.21"]
[EventType "swiss"]
[EventRounds "7"]
[EventCountry "CAN"]
[SourceTitle "hb 2009.10"]

1. e4 d5 2. exd5 Qxd5 3. Nc3 Qe5+ 4. Nge2 Bg4 5. h3 Bxe2 6. Nxe2 a5 7. g3 Qe4 8. Rh2 Qe6 9. h4 Qd6 10. b3 Qe5 11. Ba3 e6 12. Bxf8 Kxf8 13. f4 Qe4 14. Bg2 Qg6 15. Bxb7 c6 16. Bxa8 Qe4 17. d3 Qb4+ 18. c3 Qb6 19. Qc1 Qa6 20. Bxc6 Nxc6 21. Qa3+ Ke8 22. b4 axb4 23. Qxa6 Nd8 24. Nd4 f5 25. cxb4 h5 26. b5 e5 27. fxe5 Rh6 28. Qa8 Ne7 29. b6 Kd7 30. b7 Nxb7 31. Qxb7+ Ke8 32. Nc6 Nxc6 33. Qxc6+ Rxc6 34. a4 Re6 35. Re2 Ke7 36. a5 Rg6 37. Kf2 Rg4 38. a6 f4 39. gxf4 Rxf4+ 40. Kg3 g5 41. hxg5 Rg4+ 42. Kf3 Rxg5 43. a7 Rg8 44. a8=Q Rxa8 45. Rxa8 Kf7 46. Ra6 Kg7 47. Rb2 h4 48. Rb7+ Kg8 49. Ra8# 1-0

[Event "CYCC U10"]
[Site "Victoria CAN"]
[Date "2009.07.23"]
[Round "6"]
[White "Shi, Diwen"]
[Black "Hoffner, Noah"]
[Result "1-0"]
[WhiteElo "1626"]
[BlackElo "1156"]
[PlyCount "85"]
[GameId "2160767910093686"]
[EventDate "2009.07.21"]
[EventType "swiss"]
[EventRounds "7"]
[EventCountry "CAN"]
[SourceTitle "hb 2009.10"]

1. c4 e5 2. Nc3 Nf6 3. d3 Bb4 4. Bd2 O-O 5. Nf3 Nc6 6. g3 b6 7. Bg2 Re8 8. O-O Bb7 9. a3 Bc5 10. Rb1 a5 11. Bg5 h6 12. Bd2 e4 13. dxe4 Nxe4 14. e3 Ba6 15. Nxe4 Rxe4 16. Nd4 Re8 17. Nxc6 dxc6 18. Bxc6 Bxc4 19. Bxe8 Bxf1 20. Bc6 Bd3 21. Rc1 Rb8 22. Bxa5 bxa5 23. Rxc5 Rxb2 24. Rd5 Qxd5 25. Bxd5 Rb1 26. Qxb1 Bxb1 27. Kf1 Kf8 28. Ke2 Ke7 29. Kd2 Bf5 30. Kc3 Bd7 31. Kd4 f6 32. Kc5 g5 33. Bc6 Bxc6 34. Kxc6 Kd8 35. h3 Kc8 36. f4 gxf4 37. exf4 a4 38. g4 Kd8 39. h4 Ke7 40. Kxc7 Ke6 41. Kc6 Kf7 42. Kb5 Kg6 43. f5+ 1-0

[Event "CYCC U10"]
[Site "Victoria CAN"]
[Date "2009.07.23"]
[Round "7"]
[White "Cao, Jason"]
[Black "Shi, Diwen"]
[Result "1/2-1/2"]
[WhiteElo "1032"]
[BlackElo "1626"]
[PlyCount "101"]
[GameId "2160767910093688"]
[EventDate "2009.07.21"]
[EventType "swiss"]
[EventRounds "7"]
[EventCountry "CAN"]
[SourceTitle "EXT 2011"]
[Source "ChessBase"]
[SourceDate "2011.11.26"]
[SourceVersion "1"]
[SourceVersionDate "2011.11.26"]
[SourceQuality "1"]

1. d4 d5 2. c4 e6 3. Nc3 Nf6 4. e3 Be7 5. Nf3 O-O 6. Bd3 Nbd7 7. O-O Nb6 8. c5 Nbd7 9. Bd2 c6 10. b4 Qc7 11. b5 Re8 12. a4 b6 13. bxc6 Qxc6 14. Bb5 Qc7 15. cxb6 Qxb6 16. Rb1 Qd8 17. Bc6 Ba6 18. Bxa8 Bxf1 19. Qxf1 Qxa8 20. Nb5 Rc8 21. Rc1 Rxc1 22. Qxc1 Qb7 23. Qc2 Nb6 24. Ne5 Ne4 25. Ba5 g6 26. f3 Nd6 27. Bxb6 axb6 28. Qc6 Qxc6 29. Nxc6 Bf8 30. Kf2 Nc4 31. Nca7 Bh6 32. f4 Bf8 33. Ke2 Bb4 34. Kf3 Kf8 35. Nc7 Kg7 36. Nc8 Ba5 37. Na8 Kf8 38. e4 Ke8 39. exd5 exd5 40. Ke2 Kd7 41. Na7 Nb2 42. Nb5 Kc6 43. Nac7 Nxa4 44. Kd3 Nb2+ 45. Kc2 Nc4 46. Kd3 Nd6 47. Nxd6 Kxd6 48. Nb5+ Kc6 49. Na7+ Kd7 50. Nb5 f5 51. g3 1/2-1/2

[Event "CYCC U10"]
[Site "Victoria CAN"]
[Date "2009.07.23"]
[Round "7"]
[White "Han, Lionel"]
[Black "Sirkovich, Daniel"]
[Result "1-0"]
[WhiteElo "1124"]
[BlackElo "1292"]
[PlyCount "121"]
[GameId "2160767910093689"]
[EventDate "2009.07.21"]
[EventType "swiss"]
[EventRounds "7"]
[EventCountry "CAN"]
[SourceTitle "EXT 2011"]
[Source "ChessBase"]
[SourceDate "2011.11.26"]
[SourceVersion "1"]
[SourceVersionDate "2011.11.26"]
[SourceQuality "1"]

1. e4 c5 2. Nf3 d6 3. d4 cxd4 4. Nxd4 Nf6 5. Nc3 g6 6. f3 Bg7 7. Be3 O-O 8. Qd2 Nc6 9. Nb3 Be6 10. Bh6 Qb6 11. Bxg7 Kxg7 12. Bd3 Bxb3 13. axb3 a6 14. Na4 Qa7 15. g4 Nd4 16. Be2 Rac8 17. Nc3 Rfd8 18. h4 Kh8 19. h5 Rg8 20. hxg6 Rxg6 21. O-O-O e5 22. g5 Nd7 23. Rh3 b5 24. Rdh1 Nf8 25. Bd3 b4 26. Qh2 Rg7 27. Nd5 Nde6 28. Rh5 f6 29. gxf6 Rf7 30. Ne7 Rc7 31. Qg3 Rcxe7 32. fxe7 Qxe7 33. Rf5 Rg7 34. Qh4 Qa7 35. Bc4 a5 36. Qd8 Rg8 37. Qf6+ Qg7 38. Bxe6 Qxf6 39. Rxf6 Nxe6 40. Rxe6 Rd8 41. Re7 Kg8 42. Rexh7 Kf8 43. Rh8+ Ke7 44. R1h7+ Ke6 45. Rxd8 Kf6 46. Rxd6+ Kg5 47. Rg7+ Kf4 48. Rf7+ Ke3 49. Rd3+ Ke2 50. f4 exf4 51. Rxf4 a4 52. Rh4 Kf2 53. bxa4 b3 54. cxb3 Kf1 55. e5 Ke2 56. e6 Kxd3 57. e7 Ke2 58. e8=Q+ Kf2 59. Qf7+ Kg3 60. Qf4+ Kg2 61. Rh2+ 1-0

[Event "CYCC U10"]
[Site "Victoria CAN"]
[Date "2009.07.24"]
[Round "7"]
[White "Doknjas, John"]
[Black "Rainsberry, Christopher"]
[Result "1-0"]
[WhiteElo "1796"]
[BlackElo "556"]
[PlyCount "71"]
[GameId "2160767910093690"]
[EventDate "2009.07.21"]
[EventType "swiss"]
[EventRounds "7"]
[EventCountry "CAN"]
[SourceTitle "hb 2009.10"]

1. d4 Nc6 2. Nf3 d5 3. e3 Bf5 4. Bd3 Bxd3 5. Qxd3 Nb4 6. Qb5+ Nc6 7. Qxb7 Na5 8. Qa6 c6 9. Bd2 Nc4 10. Qxc6+ Qd7 11. Qxa8+ Qd8 12. Qxd8+ Kxd8 13. b3 Nxd2 14. Kxd2 e6 15. c4 dxc4 16. bxc4 Bb4+ 17. Nc3 Nf6 18. Kd3 Ng4 19. Rhf1 f6 20. Rab1 Ba5 21. Rb7 Rg8 22. Rb8+ Ke7 23. Rxg8 Kf7 24. Ra8 Bb6 25. c5 Ba5 26. c6 Bb6 27. Nb5 e5 28. d5 f5 29. e4 fxe4+ 30. Kxe4 Nf6+ 31. Kxe5 Ng4+ 32. Kd6 Bxf2 33. c7 Bh4 34. Nxh4+ Nf6 35. c8=Q g5 36. Qf8# 1-0

[Event "CYCC U10"]
[Site "Victoria CAN"]
[Date "2009.07.24"]
[Round "7"]
[White "Hoffner, Noah"]
[Black "Carradice, Lemuel"]
[Result "1-0"]
[WhiteElo "1156"]
[BlackElo "961"]
[PlyCount "67"]
[GameId "2160767910093691"]
[EventDate "2009.07.21"]
[EventType "swiss"]
[EventRounds "7"]
[EventCountry "CAN"]
[SourceTitle "hb 2009.10"]

1. d4 e6 2. c4 Bb4+ 3. Bd2 Qg5 4. Bxb4 Nc6 5. Bd2 Qf5 6. Nf3 Nf6 7. Nc3 O-O 8. e3 b5 9. Nh4 Qg4 10. Qxg4 Nxg4 11. Nxb5 Ba6 12. Nxc7 Rac8 13. Nxa6 Rce8 14. Nb4 Na5 15. Na6 g5 16. Bxa5 gxh4 17. Bb4 h3 18. gxh3 Nf6 19. Bxf8 Rxf8 20. Bg2 Rc8 21. c5 Rc6 22. Bxc6 dxc6 23. Rg1+ Kf8 24. Nb8 Nd5 25. Nxc6 f6 26. Nxa7 Nb4 27. Kd2 e5 28. c6 Na6 29. d5 Nc7 30. d6 Na6 31. c7 Kf7 32. c8=Q h5 33. Qc4+ Kf8 34. Rg8# 1-0

[Event "CYCC U10"]
[Site "Victoria CAN"]
[Date "2009.07.24"]
[Round "7"]
[White "Lee, Jonah"]
[Black "Awatramani, Janak"]
[Result "0-1"]
[Annotator ",user"]
[WhiteElo "1484"]
[BlackElo "1761"]
[PlyCount "43"]
[GameId "2160767740764571"]
[EventDate "2009.07.21"]
[EventType "swiss"]
[EventRounds "7"]
[EventCountry "CAN"]
[SourceTitle "hb 2009.10"]

1. g3 d5 2. Bg2 Nf6 3. Nf3 e6 4. O-O Bd6 5. c4 O-O 6. b3 b6 7. Bb2 Bb7 8. e3 Nbd7 9. Qe2 Re8 10. Nc3 c5 11. Nb5 Bb8 12. d4 a6 13. Nc3 e5 14. dxc5 d4 15. Nd1 bxc5 16. Rc1 Bd6 17. exd4 exd4 18. Qd2 a5 19. Re1 Rxe1+ 20. Qxe1 Rb8 21. Ba3 Bxf3 22. Bxf3 {etc. (40)} 0-1